000 00302nam a2200121Ia 4500
008 191201s2014 xx 000 0 und d
100 _aYADAV, R
245 0 _aFundamentals of Engineering Thermodynamics
260 _aN. Delhi
_bCentral
_c2014
300 _a1048
650 _aB.Tech(ME)
942 _2ddc
_cBK
999 _c6117
_d6117